| 000 | 01176cad a22002415a 4500 | ||
|---|---|---|---|
| 001 | E147611 | ||
| 008 | 090530s2007 xxk f ls000 0 eng d | ||
| 035 | _a(Sirsi) u147611 | ||
| 041 | 0 | _aeng | |
| 050 | 0 | 4 | _a639.8 $2 18 |
| 110 | 2 |
_aScotland _kLaws, etc. |
|
| 245 | 0 | 0 |
_aAquaculture and Fisheries (Scotland) Act 2007 _h[electronic resource] |
| 260 |
_aLondon _bOPSI _c2007 |
||
| 505 | 2 | _aPart 1: fish farms and shellfish farms -- Part 2: Gyrodactylus Salaris, containment and treatment -- Part 3: salmon and freshwater fisheries -- Part 4: sea fisheries -- Part 5: miscellaneous -- Part 6: general | |
| 520 | _aRelates to fish farms and shellfish farms; the parasite Gyrodactylus salaris; salmon and freshwater fisheries and sea fisheries; payments connected with aquaculture and fisheries; and connected purposes. | ||
| 521 | _aAdvanced | ||
| 590 | _aKA | ||
| 650 | 2 | 4 | _aAQUACULTURE AND FISHERIES (SCOTLAND) ACT 2007 |
| 651 | 4 |
_aUnited Kingdom _y |
|
| 690 | _aPROPERTY-RURAL AND NATURAL ASSETS-WATER RESOURCES | ||
| 856 | 4 | 0 |
_uhttps://www.opsi.gov.uk/legislation/scotland/acts2007/asp_20070012_en_1 _zView the item free of charge at www.opsi.gov.uk... |
| 942 | _n0 | ||
| 999 |
_c109653 _d109653 |
||